[Event "XXXIII Festival A"]
[Site "Arco ITA"]
[Date "2011.10.29"]
[Round "8"]
[White "Basso, Pier Luigi"]
[Black "Huemmer, Bernd"]
[Result "1/2-1/2"]
[WhiteElo "2051"]
[BlackElo "2218"]
[PlyCount "32"]
[EventDate "2011.10.22"]

1. e4 g6 2. d4 Bg7 3. Nf3 c6 4. Nc3 d5 5. exd5 cxd5 6. Bb5+ Bd7 7. Qe2 Nf6 8.
Bxd7+ Nbxd7 9. Qb5 Qb6 10. Nxd5 Nxd5 11. Qxd5 Rd8 12. c3 Qa6 13. Qe4 O-O 14.
Qe2 Qa5 15. O-O e6 16. Bg5 Rc8 1/2-1/2

[Event "XXXIII Festival A"]
[Site "Arco ITA"]
[Date "2011.10.29"]
[Round "8"]
[White "Beltrami, Nerio"]
[Black "Di Lazzaro, Gabriele"]
[Result "1-0"]
[WhiteElo "1961"]
[BlackElo "1890"]
[PlyCount "77"]
[EventDate "2011.10.22"]

1. e4 c5 2. Nf3 e6 3. d4 cxd4 4. Nxd4 a6 5. Bd3 Nc6 6. Nxc6 dxc6 7. O-O e5 8.
Nd2 Nf6 9. h3 Qc7 10. Nf3 Be7 11. Be3 b5 12. a4 Bb7 13. Nd2 Rd8 14. Qe2 O-O 15.
Nb3 Nd7 16. Rfc1 Rc8 17. axb5 cxb5 18. c4 bxc4 19. Bxc4 Qb8 20. f3 Rcd8 21. Na5
Bc5 22. Bxf7+ Rxf7 23. Bxc5 Nxc5 24. Rxc5 Qa7 25. Qf2 Rfd7 26. Rc2 Qxf2+ 27.
Rxf2 Ba8 28. Rc1 Rd1+ 29. Rxd1 Rxd1+ 30. Kh2 Ra1 31. Nc4 a5 32. Nxe5 g6 33. Rd2
Kg7 34. Rd7+ Kh6 35. Ra7 Bxe4 36. fxe4 Re1 37. Ng4+ Kg5 38. Kg3 Kh5 39. Rxa5+
1-0

[Event "XXXIII Festival A"]
[Site "Arco ITA"]
[Date "2011.10.29"]
[Round "8"]
[White "Bevilacqua, Maurizio"]
[Black "Virzi, Ettore"]
[Result "1-0"]
[WhiteElo "2147"]
[BlackElo "1951"]
[PlyCount "103"]
[EventDate "2011.10.22"]

1. d4 Nf6 2. Nf3 g6 3. c4 Bg7 4. Nc3 d5 5. cxd5 Nxd5 6. e4 Nxc3 7. bxc3 c5 8.
Rb1 O-O 9. Be2 b6 10. O-O e6 11. Ba3 Nd7 12. Qa4 Qc7 13. e5 Rd8 14. Rfd1 Bb7
15. Qb3 Be4 16. Rb2 cxd4 17. cxd4 Qb7 18. Qe3 Rac8 19. h4 Rc2 20. Rxc2 Bxc2 21.
Rc1 Rc8 22. Ng5 h6 23. Bf3 Qa6 24. Nh3 Ba4 25. Rxc8+ Qxc8 26. Be4 Nf8 27. Bb2
Qd8 28. g3 Bd1 29. Nf4 Qd7 30. Qd2 Ba4 31. Qc3 Bd1 32. Ng2 Qa4 33. Ne3 Be2 34.
a3 Qb5 35. Qd2 Bc4 36. f4 Bd5 37. Nxd5 exd5 38. Bd3 Qb3 39. Kg2 Ne6 40. Qc2
Qxc2+ 41. Bxc2 Bf8 42. Bb3 Nc7 43. g4 Be7 44. Kg3 Kf8 45. Bc2 Kg7 46. f5 Kg8
47. fxg6 fxg6 48. Bxg6 a5 49. a4 b5 50. axb5 Nxb5 51. Be8 Na3 52. Bc6 1-0

[Event "XXXIII Festival A"]
[Site "Arco ITA"]
[Date "2011.10.29"]
[Round "8"]
[White "Bonanzinga, Corrado"]
[Black "Goli, Daniele"]
[Result "1/2-1/2"]
[WhiteElo "2136"]
[BlackElo "1941"]
[PlyCount "73"]
[EventDate "2011.10.22"]

1. d4 g6 2. c4 Bg7 3. Nc3 Nf6 4. e4 d6 5. Be2 Nc6 6. Nf3 O-O 7. d5 Nb8 8. O-O
Nbd7 9. Be3 Nc5 10. Qc2 a5 11. a3 a4 12. Nd4 Ng4 13. Bxg4 Bxg4 14. f3 Bd7 15.
Rae1 e5 16. Ndb5 Nb3 17. Nxa4 Nd4 18. Bxd4 exd4 19. b3 Ra5 20. Qd3 Bxb5 21.
cxb5 Qd7 22. b6 cxb6 23. Nxb6 Qb5 24. Qxb5 Rxb5 25. Nc4 Rxb3 26. Nxd6 Rd8 27.
Nc4 b5 28. Nb6 d3 29. e5 Bf8 30. d6 d2 31. Rd1 Rd3 32. f4 Bxd6 33. exd6 R3xd6
34. Rf2 Kf8 35. a4 Rxb6 36. axb5 Rxb5 37. Rfxd2 1/2-1/2

[Event "XXXIII Festival A"]
[Site "Arco ITA"]
[Date "2011.10.29"]
[Round "8"]
[White "Bondielli, Giorgio"]
[Black "Battistella, Stefano"]
[Result "0-1"]
[WhiteElo "1885"]
[BlackElo "2081"]
[PlyCount "92"]
[EventDate "2011.10.22"]

1. e4 Nf6 2. e5 Nd5 3. Bc4 Nb6 4. Bb3 d6 5. Nf3 e6 6. O-O dxe5 7. Nxe5 Bd6 8.
Qe2 c5 9. d3 O-O 10. Nc3 Qe8 11. a4 N6d7 12. Nxd7 Nxd7 13. Ne4 Bc7 14. Be3 Qe7
15. Nc3 Qh4 16. f4 b6 17. Qf2 Qxf2+ 18. Rxf2 Nf6 19. h3 Bb7 20. a5 Bc6 21. Ba4
Bxa4 22. Rxa4 Nd5 23. Nxd5 exd5 24. a6 Rfe8 25. Bd2 d4 26. Kf1 Rad8 27. Ra1 f5
28. g4 Kf7 29. Re2 Rxe2 30. Kxe2 Re8+ 31. Kf3 g6 32. Re1 Re6 33. Rxe6 Kxe6 34.
gxf5+ Kxf5 35. b3 h6 36. h4 b5 37. Bc1 Bd8 38. Kg3 Bc7 39. Kf3 Bd8 40. Kg3 Ba5
41. Ba3 Be1+ 42. Kh3 b4 43. Bc1 Bf2 44. Bd2 Be3 45. Be1 Bxf4 46. Bg3 Bxg3 0-1

[Event "XXXIII Festival A"]
[Site "Arco ITA"]
[Date "2011.10.29"]
[Round "8"]
[White "Bortolotti, Silvano"]
[Black "Mumelter, Igor"]
[Result "1-0"]
[WhiteElo "1771"]
[BlackElo "1876"]
[PlyCount "127"]
[EventDate "2011.10.22"]

1. e4 c6 2. Nc3 d5 3. Qf3 dxe4 4. Nxe4 Nd7 5. d4 Ngf6 6. Bc4 e6 7. Bg5 Be7 8.
O-O-O O-O 9. Ne2 Nxe4 10. Bxe7 Qxe7 11. Qxe4 Nf6 12. Qh4 b5 13. Bd3 g6 14. Ng3
Nd5 15. Qxe7 Nxe7 16. Ne2 Bd7 17. h4 h6 18. f4 f6 19. g4 e5 20. Rdg1 exd4 21.
Nxd4 Rab8 22. b4 a5 23. bxa5 c5 24. Ne2 Bc6 25. c4 Bxh1 26. cxb5 Bd5 27. Nc3
Bc6 28. Bc4+ Kg7 29. a4 Bf3 30. Rg3 Bh1 31. Rg1 Bf3 32. Rg3 Bb7 33. Re3 Rfe8
34. a6 Bc8 35. Nd5 Bxa6 36. Rxe7+ Rxe7 37. Nxe7 Bb7 38. Bd5 Bxd5 39. Nxd5 Ra8
40. Nb6 Ra7 41. Kc2 Kf7 42. Kc3 Ke6 43. Kc4 g5 44. hxg5 fxg5 45. fxg5 hxg5 46.
Kxc5 Ke5 47. Nc4+ Kf4 48. a5 Rc7+ 49. Kd5 Rd7+ 50. Kc5 Rc7+ 51. Kd5 Rd7+ 52.
Kc6 Rd4 53. Kc5 Rd8 54. a6 Rc8+ 55. Kd5 Rd8+ 56. Nd6 Kxg4 57. b6 Kh3 58. b7 g4
59. a7 g3 60. b8=Q Rxb8 61. axb8=Q g2 62. Qh8+ Kg3 63. Ne4+ Kf3 64. Qh2 1-0

[Event "XXXIII Festival A"]
[Site "Arco ITA"]
[Date "2011.10.29"]
[Round "8"]
[White "Bozzao, Francesco"]
[Black "Menon, Michele"]
[Result "1/2-1/2"]
[WhiteElo "1830"]
[BlackElo "1776"]
[PlyCount "68"]
[EventDate "2011.10.22"]

1. d4 d6 2. Nf3 Nf6 3. c4 Nbd7 4. Nc3 e5 5. e4 Be7 6. g3 O-O 7. Bg2 c6 8. O-O
a6 9. d5 Nc5 10. Ne1 cxd5 11. cxd5 Bg4 12. Qd2 Bd7 13. b3 Be8 14. Bb2 b5 15.
Nd3 Nxd3 16. Qxd3 b4 17. Ne2 Bb5 18. Qd2 Nd7 19. Kh1 Nc5 20. f4 Nd3 21. Rf3
Nxb2 22. Qxb2 exf4 23. gxf4 g6 24. Rd1 Bf6 25. Qd2 Be7 26. h3 Qb6 27. Rg3 Bh4
28. Rf3 Bf6 29. Nd4 a5 30. Re3 a4 31. Qf2 axb3 32. axb3 Rfc8 33. Qg3 Rc3 34.
Rxc3 bxc3 1/2-1/2

[Event "XXXIII Festival A"]
[Site "Arco ITA"]
[Date "2011.10.29"]
[Round "8"]
[White "Buglisi, Massimo"]
[Black "Dalponte, Dino"]
[Result "1-0"]
[WhiteElo "1887"]
[BlackElo "2078"]
[PlyCount "44"]
[EventDate "2011.10.22"]

1. d4 d5 2. c4 e6 3. Nc3 f5 4. g3 c6 5. Bg2 Bd6 6. Nf3 Nd7 7. Qc2 Qf6 8. Bg5
Qf7 9. O-O-O dxc4 10. e4 h6 11. exf5 Qxf5 12. Ne4 Be7 13. Bxe7 Kxe7 14. Nh4 Qf7
15. Nc5 Kf6 16. Rhe1 Nxc5 17. dxc5 Qh5 18. Qc3+ Kf7 19. Re5 Qxd1+ 20. Kxd1 Ne7
21. Qf3+ Ke8 22. Qh5+ Kd8 1-0

[Event "XXXIII Festival A"]
[Site "Arco ITA"]
[Date "2011.10.29"]
[Round "8"]
[White "Caldara, Sisto"]
[Black "Morselli, Stefano"]
[Result "0-1"]
[WhiteElo "1800"]
[BlackElo "1909"]
[PlyCount "88"]
[EventDate "2011.10.22"]

1. d4 Nf6 2. c4 g6 3. Nc3 Bg7 4. e4 d6 5. Be2 c5 6. d5 a6 7. a4 O-O 8. h4 h5 9.
f3 Nbd7 10. Nh3 Ne5 11. Nf2 Bd7 12. Bg5 Qb6 13. Bd2 Rab8 14. Rg1 Qc7 15. g4
hxg4 16. f4 Nf3+ 17. Bxf3 gxf3 18. Qxf3 e6 19. dxe6 Bxe6 20. f5 Bxc4 21. fxg6
Rbe8 22. O-O-O b5 23. gxf7+ Rxf7 24. Bh6 Ref8 25. Qh1 Kh8 26. Bxg7+ Rxg7 27.
Rxg7 Qxg7 28. Rxd6 b4 29. Nd5 Nxd5 30. Qd1 Rxf2 31. Qh5+ Kg8 32. Rd8+ Rf8 33.
Rxf8+ Qxf8 34. Qg6+ Qg7 35. Qe6+ Kh7 36. Qf5+ Kh6 37. exd5 Qg1+ 38. Kc2 Qg2+
39. Kc1 Qh1+ 40. Kc2 Qxh4 41. Qf8+ Kg6 42. Qe8+ Kf5 43. Qf8+ Ke5 44. Qg7+ Ke4
0-1

[Event "XXXIII Festival A"]
[Site "Arco ITA"]
[Date "2011.10.29"]
[Round "8"]
[White "Cavatorta, Ivan"]
[Black "Falasca, Valerio"]
[Result "1-0"]
[WhiteElo "1808"]
[BlackElo "1593"]
[PlyCount "35"]
[EventDate "2011.10.22"]

1. e4 c5 2. Nf3 g6 3. d4 cxd4 4. Nxd4 Bg7 5. Be3 a6 6. Nc3 Nc6 7. Nd5 Rb8 8.
Nf5 e6 9. Bb6 Qg5 10. h4 Qh5 11. Nxg7+ Kf8 12. Nxh5 gxh5 13. Bc5+ Ke8 14. Nc7+
Kd8 15. Qd6 Nf6 16. Bb6 Nxe4 17. Nxe6+ Ke8 18. Ng7# 1-0

[Event "XXXIII Festival A"]
[Site "Arco ITA"]
[Date "2011.10.29"]
[Round "8"]
[White "Chiarion, Elisa"]
[Black "Karl, Hans"]
[Result "1/2-1/2"]
[WhiteElo "2012"]
[BlackElo "2201"]
[PlyCount "30"]
[EventDate "2011.10.22"]

1. e4 e5 2. Nf3 Nc6 3. Bc4 Nf6 4. d3 Bc5 5. c3 Qe7 6. Bb3 d6 7. h3 h6 8. Nbd2
Be6 9. O-O O-O 10. Re1 Bb6 11. Nf1 Bxb3 12. axb3 Nh5 13. Be3 Nf4 14. Bxf4 exf4
15. d4 Rfe8 1/2-1/2

[Event "XXXIII Festival A"]
[Site "Arco ITA"]
[Date "2011.10.29"]
[Round "8"]
[White "Dalla Vecchia, Paolo"]
[Black "Benenati, Gianfranco"]
[Result "1/2-1/2"]
[WhiteElo "1916"]
[BlackElo "1800"]
[PlyCount "53"]
[EventDate "2011.10.22"]

1. d4 Nf6 2. Nf3 g6 3. Bg5 Bg7 4. Nbd2 d5 5. e3 O-O 6. Bd3 Nc6 7. c3 Rb8 8. a4
Re8 9. O-O e5 10. dxe5 Nxe5 11. Nxe5 Rxe5 12. Bf4 Re7 13. h3 Nh5 14. Bh2 f5 15.
Nf3 Ra8 16. Qc2 Be6 17. Rfd1 Qf8 18. Be2 f4 19. Nd4 fxe3 20. fxe3 Bxd4 21. exd4
Nf4 22. Bf3 Nxh3+ 23. Kh1 Ng5 24. Be2 Ne4 25. Bf3 Ng5 26. Be2 Ne4 27. Bf3
1/2-1/2

[Event "XXXIII Festival A"]
[Site "Arco ITA"]
[Date "2011.10.29"]
[Round "8"]
[White "Del Nevo, Claudio"]
[Black "Giuriato, Sergio"]
[Result "1/2-1/2"]
[WhiteElo "1831"]
[BlackElo "1961"]
[PlyCount "58"]
[EventDate "2011.10.22"]

1. d4 Nf6 2. Nf3 d5 3. Bg5 e6 4. c3 Be7 5. Bxf6 Bxf6 6. e3 O-O 7. Bd3 Nc6 8.
Qc2 h6 9. Nbd2 e5 10. dxe5 Bxe5 11. Bb5 Bf6 12. Bxc6 bxc6 13. Nd4 Qd6 14. O-O
c5 15. N4f3 Bg4 16. e4 c6 17. Qd3 Rad8 18. h3 Bxf3 19. Nxf3 Rfe8 20. exd5 cxd5
21. Rfe1 Rxe1+ 22. Rxe1 Qb6 23. Re2 d4 24. cxd4 cxd4 25. a3 a5 26. b3 g6 27. g3
Qc5 28. a4 Kg7 29. Rc2 Qd5 1/2-1/2

[Event "XXXIII Festival A"]
[Site "Arco ITA"]
[Date "2011.10.29"]
[Round "8"]
[White "Eschweiler, Markus"]
[Black "Buck, Klaus-Michael"]
[Result "1-0"]
[WhiteElo "1548"]
[BlackElo "1813"]
[PlyCount "95"]
[EventDate "2011.10.22"]

1. c4 c6 2. Nc3 d5 3. cxd5 cxd5 4. d4 e6 5. Nf3 Bd6 6. e3 Nc6 7. Bd2 a6 8. a3
Nf6 9. Bd3 e5 10. dxe5 Nxe5 11. Nxe5 Bxe5 12. O-O O-O 13. Qc2 Bxh2+ 14. Kxh2
Ng4+ 15. Kg3 Qg5 16. Bxh7+ Kh8 17. f4 Qf6 18. Rh1 Nh6 19. Nxd5 Qe6 20. Nc7 Qg4+
21. Kf2 Bd7 22. Nxa8 Rxa8 23. Bc3 Qe6 24. Bd3 Kg8 25. Be2 Rc8 26. Bf3 Nf5 27.
Qe4 Qb6 28. Bd4 Qb3 29. Bc3 Rxc3 30. bxc3 Qb2+ 31. Be2 Qxe2+ 32. Kxe2 Ng3+ 33.
Kf3 Nxe4 34. Kxe4 Bc6+ 35. Ke5 Bxg2 36. Rh2 Bc6 37. Rd1 Kf8 38. Rh8+ Ke7 39. f5
f6+ 40. Kf4 Bb5 41. Rb8 Bc6 42. Rb1 b5 43. Rb6 Kd6 44. Rxa6 Kc5 45. Rb4 Bb7 46.
Ra7 Kb6 47. Rxb7+ Kxb7 48. Rxb5+ 1-0

[Event "XXXIII Festival A"]
[Site "Arco ITA"]
[Date "2011.10.29"]
[Round "8"]
[White "Fusari, Paolo"]
[Black "Blasco, Domenico"]
[Result "0-1"]
[WhiteElo "1897"]
[BlackElo "1965"]
[PlyCount "110"]
[EventDate "2011.10.22"]

1. e4 g6 2. d4 Bg7 3. Nf3 d6 4. Be2 Nd7 5. Nc3 a6 6. O-O e6 7. Bg5 Ne7 8. Qd2
h6 9. Be3 b6 10. Rad1 Bb7 11. Rfe1 Nf6 12. Bd3 g5 13. h3 Qd7 14. e5 Nfd5 15.
Be4 O-O-O 16. Nxd5 Nxd5 17. c4 Nxe3 18. Bxb7+ Kxb7 19. Qxe3 dxe5 20. Nxe5 Bxe5
21. Qxe5 Rhg8 22. Rd3 Qd6 23. Qe4+ Kb8 24. Red1 f5 25. Qe1 g4 26. h4 g3 27.
fxg3 Rg4 28. b4 Rdg8 29. c5 Qd5 30. cxb6 cxb6 31. a3 f4 32. Qe5+ Kb7 33. Rc1
Qxe5 34. dxe5 R8g7 35. Rf1 fxg3 36. Rd6 Rxh4 37. Rxe6 Re4 38. Re8 Kc6 39. Rc1+
Kd7 40. Rb8 Rg6 41. Rb7+ Ke6 42. Rxb6+ Kf5 43. Rf1+ Kg5 44. Rxg6+ Kxg6 45. Rf6+
Kg5 46. Kf1 Rxe5 47. Rxa6 Rf5+ 48. Ke1 Rf2 49. a4 Rxg2 50. Kf1 Rb2 51. b5 h5
52. Ra8 h4 53. Re8 Kg4 54. Re1 h3 55. Kg1 h2+ 0-1

[Event "XXXIII Festival A"]
[Site "Arco ITA"]
[Date "2011.10.29"]
[Round "8"]
[White "Galas, Franco"]
[Black "Cottarelli, Franco"]
[Result "1/2-1/2"]
[WhiteElo "1749"]
[BlackElo "1842"]
[PlyCount "41"]
[EventDate "2011.10.22"]

1. d4 f5 2. Nf3 Nf6 3. c4 g6 4. Nc3 Bg7 5. e3 d6 6. Be2 O-O 7. O-O Nc6 8. a3 a5
9. Rb1 h6 10. Qc2 e5 11. dxe5 dxe5 12. Rd1 Qe7 13. Nd5 Qf7 14. b3 Be6 15. Nxf6+
Qxf6 16. Bb2 Rad8 17. Rxd8 Rxd8 18. Rd1 Rxd1+ 19. Qxd1 Qe7 20. Qa1 Bd7 21. Bc3
1/2-1/2

[Event "XXXIII Festival A"]
[Site "Arco ITA"]
[Date "2011.10.29"]
[Round "8"]
[White "Gardi, Giuseppe"]
[Black "De Eccher, Stefano"]
[Result "1-0"]
[WhiteElo "2028"]
[BlackElo "2259"]
[PlyCount "47"]
[EventDate "2011.10.22"]

1. d4 f5 2. Nf3 Nf6 3. g3 g6 4. Bg2 Bg7 5. O-O O-O 6. c4 d6 7. Nc3 Nc6 8. d5
Ne5 9. Nxe5 dxe5 10. Bd2 h6 11. Qc1 g5 12. h4 gxh4 13. Bxh6 f4 14. Bxg7 Kxg7
15. gxf4 Nh5 16. Qe3 exf4 17. Qe5+ Kh6 18. Be4 Bh3 19. Rfd1 Rg8+ 20. Kh2 Rg5
21. Qd4 Qd7 22. Rg1 Rag8 23. Rxg5 e5 24. Qxe5 1-0

[Event "XXXIII Festival A"]
[Site "Arco ITA"]
[Date "2011.10.29"]
[Round "8"]
[White "Hocke, Sebastian"]
[Black "Casagrande, Fabio"]
[Result "1-0"]
[WhiteElo "1904"]
[BlackElo "1991"]
[PlyCount "111"]
[EventDate "2011.10.22"]

1. e4 e6 2. d4 d5 3. Nc3 Nf6 4. e5 Nfd7 5. f4 c5 6. Nf3 Nc6 7. Be3 a6 8. Qd2 b5
9. dxc5 Bxc5 10. Bxc5 Nxc5 11. Nd4 Nxd4 12. Qxd4 Qb6 13. a3 Na4 14. Qxb6 Nxb6
15. O-O-O Bb7 16. Ne2 Nc4 17. Rd3 g5 18. b3 Nxa3 19. fxg5 Rc8 20. Nd4 h6 21.
Rh3 h5 22. Be2 h4 23. g3 Rc3 24. Kd2 b4 25. Bd3 Ke7 26. Rf1 Nb5 27. Bxb5 axb5
28. Rf3 Rxf3 29. Nxf3 d4 30. Nxd4 Bg2 31. Rxh4 Rg8 32. Rh5 Rd8 33. Ke3 Rd5 34.
g6 fxg6 35. Rh7+ Ke8 36. Nc6 Rc5 37. Nxb4 Rxe5+ 38. Kd4 Rg5 39. c4 Rg4+ 40. Kc5
bxc4 41. bxc4 Bf1 42. Rh4 Rxh4 43. gxh4 Ke7 44. Nc6+ Kf6 45. Kd4 Kf5 46. c5 Bg2
47. Ne5 Bb7 48. h3 Bc8 49. c6 Ba6 50. Nc4 Kf4 51. c7 Bc8 52. Ne5 Kf5 53. Nc6
Kf4 54. Ne7 e5+ 55. Kd5 Bxh3 56. Nxg6+ 1-0

[Event "XXXIII Festival A"]
[Site "Arco ITA"]
[Date "2011.10.29"]
[Round "8"]
[White "Huss, Rolf"]
[Black "Kierzek, Mira"]
[Result "1/2-1/2"]
[WhiteElo "2163"]
[BlackElo "2023"]
[PlyCount "84"]
[EventDate "2011.10.22"]

1. d4 d5 2. c4 c6 3. Nf3 Nf6 4. Nc3 e6 5. Bg5 Be7 6. e3 Nbd7 7. Rc1 O-O 8. Bd3
Re8 9. O-O dxc4 10. Bxc4 b5 11. Bd3 Bb7 12. e4 a6 13. e5 Nd5 14. Ne4 f6 15.
exf6 N5xf6 16. Re1 Rc8 17. Qb3 Nf8 18. Nc5 Bxc5 19. Rxc5 Rc7 20. Bf5 Bc8 21.
Bf4 Rf7 22. Ng5 Rfe7 23. Rxc6 Qd5 24. Qxd5 exd5 25. Rxe7 Rxe7 26. Bd3 Re1+ 27.
Bf1 Bf5 28. Rc1 Rxc1 29. Bxc1 h6 30. Nf3 Ne6 31. Be3 Nd7 32. Ne1 Bb1 33. a4
bxa4 34. Bxa6 Nb6 35. Bb7 Ba2 36. Nd3 Bc4 37. Nb4 Nd8 38. Ba6 Bxa6 39. Nxa6 Nc6
40. Nc5 Nb4 41. Kf1 Nc2 42. Ke2 a3 1/2-1/2

[Event "XXXIII Festival A"]
[Site "Arco ITA"]
[Date "2011.10.29"]
[Round "8"]
[White "Kern, Beat"]
[Black "Mulone, Gaspare"]
[Result "1-0"]
[WhiteElo "1691"]
[BlackElo "1628"]
[PlyCount "45"]
[EventDate "2011.10.22"]

1. Nf3 Nf6 2. d4 d5 3. c4 e6 4. e3 Be7 5. Nc3 Nbd7 6. Bd3 c5 7. O-O cxd4 8.
exd4 dxc4 9. Bxc4 Nb6 10. Bb3 Nbd5 11. Bg5 Nxc3 12. bxc3 O-O 13. Qd3 b6 14. Bc2
g6 15. Ne5 Nd7 16. Nc6 Nc5 17. Nxe7+ Kg7 18. dxc5 Qxd3 19. Bxd3 f6 20. Nxc8
Raxc8 21. Be3 bxc5 22. Bc4 e5 23. Rfd1 1-0

[Event "XXXIII Festival A"]
[Site "Arco ITA"]
[Date "2011.10.29"]
[Round "8"]
[White "Kierzek, Matthias"]
[Black "Vezzosi, Paolo"]
[Result "1/2-1/2"]
[WhiteElo "2152"]
[BlackElo "2351"]
[PlyCount "61"]
[EventDate "2011.10.22"]

1. d4 Nf6 2. c4 e6 3. Nf3 c5 4. d5 exd5 5. cxd5 b5 6. Bg5 d6 7. e4 a6 8. a4 b4
9. Nbd2 Be7 10. Bf4 Bg4 11. h3 Bh5 12. Bd3 Bg6 13. Qc2 Nbd7 14. Nc4 Nb6 15.
Nfd2 Nxc4 16. Nxc4 O-O 17. O-O Ne8 18. Bh2 Bf6 19. f4 Bd4+ 20. Kh1 f6 21. e5
Bxd3 22. Qxd3 fxe5 23. fxe5 Rxf1+ 24. Rxf1 dxe5 25. Bxe5 Bxe5 26. Nxe5 Nd6 27.
b3 Qg5 28. Nc4 Rd8 29. Qf3 Qe7 30. Nxd6 Rxd6 31. Qf5 1/2-1/2

[Event "XXXIII Festival A"]
[Site "Arco ITA"]
[Date "2011.10.29"]
[Round "8"]
[White "Knitl, Anton"]
[Black "Qendro, Llambi"]
[Result "1/2-1/2"]
[WhiteElo "2188"]
[BlackElo "2342"]
[PlyCount "57"]
[EventDate "2011.10.22"]

1. c4 g6 2. g3 Bg7 3. Bg2 e5 4. Nc3 Nc6 5. e3 d6 6. Nge2 Nge7 7. O-O O-O 8. d4
exd4 9. Nxd4 Bd7 10. h3 Re8 11. Nxc6 Nxc6 12. e4 Qc8 13. Kh2 Ne5 14. Qb3 Be6
15. Nd5 c6 16. Ne3 b5 17. Qc2 Nxc4 18. Nxc4 Bxc4 19. Rd1 d5 20. Be3 dxe4 21.
Bxe4 Qe6 22. Bg2 a5 23. Rac1 a4 24. Bd4 Bxd4 25. Rxd4 Bd5 26. Bxd5 cxd5 27. Qd2
a3 28. bxa3 Rxa3 29. Rxd5 1/2-1/2

[Event "XXXIII Festival A"]
[Site "Arco ITA"]
[Date "2011.10.29"]
[Round "8"]
[White "Knors, Rudi"]
[Black "Lezzerini, Marco"]
[Result "1-0"]
[WhiteElo "2125"]
[BlackElo "1797"]
[PlyCount "49"]
[EventDate "2011.10.22"]

1. e4 d6 2. d4 Nf6 3. Nc3 g6 4. f3 c6 5. Be3 b5 6. Qd2 Nbd7 7. Bd3 e5 8. Nge2
Nb6 9. Nd1 Qe7 10. O-O Bg7 11. c3 O-O 12. Bg5 Qc7 13. f4 exf4 14. Bxf4 Ne8 15.
Bh6 Be6 16. b3 Qd7 17. Bxg7 Nxg7 18. Nf2 f5 19. Nf4 Bf7 20. exf5 Nxf5 21. Ng4
Kg7 22. Nh5+ Kh8 23. Bxf5 gxf5 24. Ngf6 Qd8 25. Qh6 1-0

[Event "XXXIII Festival A"]
[Site "Arco ITA"]
[Date "2011.10.29"]
[Round "8"]
[White "La Manna, Andrea"]
[Black "Paehtz, Thomas sr"]
[Result "1/2-1/2"]
[WhiteElo "2189"]
[BlackElo "2437"]
[PlyCount "56"]
[EventDate "2011.10.22"]

1. d4 Nf6 2. c4 d6 3. Nc3 Nbd7 4. e4 e5 5. Nge2 c6 6. Be3 Be7 7. f3 a6 8. d5
O-O 9. Qd2 cxd5 10. cxd5 b5 11. a3 Nb6 12. b3 Nfd7 13. Nc1 h6 14. Be2 Nc5 15.
O-O Bd7 16. Rb1 Rc8 17. Nd3 Bg5 18. Rfc1 Bxe3+ 19. Qxe3 Qg5 20. Qxg5 hxg5 21.
Nxc5 Rxc5 22. b4 Rc7 23. Na2 Rfc8 24. Rxc7 Rxc7 25. Rc1 Rxc1+ 26. Nxc1 f5 27.
h3 Kf7 28. g4 f4 1/2-1/2

[Event "XXXIII Festival A"]
[Site "Arco ITA"]
[Date "2011.10.29"]
[Round "8"]
[White "Loi, Andrea"]
[Black "Bisignano, Giuseppe"]
[Result "0-1"]
[WhiteElo "1993"]
[BlackElo "1908"]
[PlyCount "82"]
[EventDate "2011.10.22"]

1. d4 Nf6 2. c4 e6 3. Nc3 c5 4. d5 exd5 5. cxd5 d6 6. Nf3 Nbd7 7. Bf4 a6 8. a4
g6 9. h3 Qb6 10. Qd2 Bg7 11. e3 O-O 12. a5 Qc7 13. Be2 Re8 14. Qc2 Ne5 15. Bxe5
dxe5 16. e4 Bd7 17. Nd2 b6 18. axb6 Qxb6 19. O-O Bf8 20. Ra2 Reb8 21. Nc4 Qc7
22. Rfa1 Bc8 23. Qd2 Bd6 24. Qe3 Nd7 25. Na4 Rb4 26. Rc1 Rab8 27. Nxd6 Qxd6 28.
Nxc5 Rxb2 29. Rxb2 Rxb2 30. Nxd7 Bxd7 31. Bxa6 Qxa6 32. Qc3 Qb6 33. Qc5 Qxc5
34. Rxc5 Kf8 35. Ra5 Ke7 36. Ra6 h5 37. Ra7 Kd6 38. Ra6+ Ke7 39. Ra7 Rb1+ 40.
Kh2 h4 41. g3 Re1 0-1

[Event "XXXIII Festival A"]
[Site "Arco ITA"]
[Date "2011.10.29"]
[Round "8"]
[White "Ludwig, Timm"]
[Black "Mircoli, Filippo"]
[Result "1-0"]
[WhiteElo "1700"]
[BlackElo "1747"]
[PlyCount "33"]
[EventDate "2011.10.22"]

1. d4 Nf6 2. c4 e6 3. Nc3 Bb4 4. Bd2 d5 5. Nf3 c5 6. cxd5 exd5 7. dxc5 Nc6 8.
a3 Bxc5 9. b4 Be7 10. Bg5 O-O 11. e3 h6 12. Bh4 Bg4 13. Be2 Rc8 14. Nd2 Bxe2
15. Nxe2 Ne4 16. Bxe7 Qxe7 17. O-O 1-0

[Event "XXXIII Festival A"]
[Site "Arco ITA"]
[Date "2011.10.29"]
[Round "8"]
[White "Maddaloni, Giovanni"]
[Black "Giancotti, Eraldo"]
[Result "0-1"]
[WhiteElo "1774"]
[BlackElo "2073"]
[PlyCount "106"]
[EventDate "2011.10.22"]

1. e4 g6 2. d4 Bg7 3. Nc3 c6 4. Be3 d6 5. Qd2 Nd7 6. Nf3 Qa5 7. Be2 Ngf6 8. h3
b5 9. Bd3 O-O 10. O-O e5 11. Rfe1 a6 12. Bh6 Re8 13. Bxg7 Kxg7 14. a3 Qc7 15.
Rad1 Bb7 16. Bf1 Rad8 17. d5 cxd5 18. exd5 Nb6 19. Qg5 Nbxd5 20. Nxd5 Nxd5 21.
Nh4 f6 22. Qg3 Nf4 23. Nf5+ Kh8 24. Ne3 d5 25. c3 Re7 26. Qh4 Re6 27. Rd2 h5
28. f3 Red6 29. Qf2 Bc8 30. Red1 Bb7 31. Nc2 Qe7 32. g3 Ne6 33. Bg2 h4 34. Re1
hxg3 35. Qxg3 Qh7 36. Red1 Nf4 37. Ne3 Bc8 38. b3 R8d7 39. c4 dxc4 40. Rxd6
Ne2+ 41. Kf2 Nxg3 42. Rxd7 Bxd7 43. Kxg3 cxb3 44. Bf1 Qh6 45. Kf2 Bxh3 46. Rd8+
Kg7 47. Bd3 Qh4+ 48. Ke2 Qa4 49. Rb8 Qxa3 50. Rb7+ Kh6 51. Rb8 Qa2+ 52. Ke1 Kg5
53. Rg8 Kf4 0-1

[Event "XXXIII Festival A"]
[Site "Arco ITA"]
[Date "2011.10.29"]
[Round "8"]
[White "Medancic, Rikard"]
[Black "Astengo, Corrado"]
[Result "1/2-1/2"]
[WhiteElo "2266"]
[BlackElo "2095"]
[PlyCount "55"]
[EventDate "2011.10.22"]

1. d4 d5 2. Nf3 Nf6 3. Bg5 Ne4 4. Bf4 Bf5 5. e3 e6 6. Nbd2 Nd7 7. Nxe4 Bxe4 8.
Nd2 Bg6 9. c4 c6 10. Be2 Be7 11. O-O O-O 12. a4 Bf6 13. Bg3 h6 14. a5 c5 15.
cxd5 exd5 16. Qa4 cxd4 17. exd4 Nb8 18. Bf3 a6 19. Rfd1 Nc6 20. Nf1 Re8 21. Ne3
Be4 22. Bg4 Bg6 23. Qb3 Nxa5 24. Qxd5 Qxd5 25. Nxd5 Nb3 26. Ra3 Bc2 27. Rf1
Rad8 28. Bf3 1/2-1/2

[Event "XXXIII Festival A"]
[Site "Arco ITA"]
[Date "2011.10.29"]
[Round "8"]
[White "Molina, Fabrizio"]
[Black "Von Wantoch, Markus"]
[Result "1-0"]
[WhiteElo "2258"]
[BlackElo "1923"]
[PlyCount "59"]
[EventDate "2011.10.22"]

1. Nf3 Nf6 2. c4 c5 3. g3 d5 4. Bg2 Nc6 5. cxd5 Nxd5 6. O-O e5 7. d3 Be7 8. Nc3
Nc7 9. Nd2 O-O 10. Nc4 f6 11. f4 Qd7 12. fxe5 Nxe5 13. Nxe5 Qd4+ 14. Kh1 fxe5
15. Rxf8+ Kxf8 16. Qf1+ Kg8 17. Qf3 Rb8 18. Be3 Qd8 19. Qh5 Bf6 20. Bxc5 b6 21.
Be3 Be6 22. Be4 g6 23. Qf3 Bg5 24. Rf1 Bxe3 25. Qxe3 Qe7 26. Bg2 Qg7 27. Qe4 b5
28. b4 Rb6 29. Qe3 Qd7 30. Qxe5 1-0

[Event "XXXIII Festival A"]
[Site "Arco ITA"]
[Date "2011.10.29"]
[Round "8"]
[White "Mombelli, Antonio"]
[Black "Coqueraut, Lodewyk"]
[Result "0-1"]
[WhiteElo "1836"]
[BlackElo "1794"]
[PlyCount "92"]
[EventDate "2011.10.22"]

1. e4 c5 2. c3 b6 3. d4 cxd4 4. cxd4 Bb7 5. Nc3 e6 6. a3 h6 7. Nf3 Ne7 8. Bd3
Ng6 9. O-O Be7 10. Be3 O-O 11. Rc1 d6 12. Qe2 Nd7 13. Ba6 Rb8 14. Rc2 e5 15.
Bxb7 Rxb7 16. Nd5 Nf6 17. Qa6 Qb8 18. Nxe7+ Rxe7 19. Rfc1 Rb7 20. Nd2 Ng4 21.
Qe2 Nxe3 22. Qxe3 Qd8 23. dxe5 dxe5 24. f3 Rd7 25. Nf1 Nf4 26. g3 Ne6 27. Rd2
Nd4 28. Rcd1 Qf6 29. Kg2 Rfd8 30. Qf2 Qc6 31. Ne3 Rd6 32. Nd5 Qb7 33. Qe3 Kh8
34. Qf2 f5 35. Nc3 Qf7 36. exf5 Qxf5 37. Ne4 R6d7 38. Qe3 Nc2 39. Qf2 Nd4 40.
Qe3 Rf8 41. Rf1 Qg6 42. Rdf2 Rdf7 43. Qd3 Rf5 44. Qe3 Rh5 45. g4 Rh4 46. Kg3
Nf5+ 0-1